000 00424nam a2200169Ia 4500
005 20250508160147.0
008 008 250505s9999 xx 000 0 eng d
037 _aBooks to be hide in OPAC
040 _aFEDL
_beng
_cFEDL
041 _aeng
_2eng
084 _qFEDL
245 0 _aPlacement of children in the elementary grads
300 _a92p.
546 _aWeeded out
942 _cHB
999 _c1362313
_d1362313